| 000 | 01851nam a22003137a 4500 | ||
|---|---|---|---|
| 001 | 1704 | ||
| 003 | FISKH | ||
| 005 | 20230918140904.0 | ||
| 008 | 230918b cb ||||| |||| 00| 0 khrd | ||
| 020 | _a39789924341277 | ||
| 040 |
_aFISKH _beng _cFISKH _dFISKH |
||
| 082 | _a649.124 | ||
| 100 | _aVanthary, Oum | ||
| 245 | _aខ្ញុំរៀនស្រៈ / | ||
| 260 |
_aPhnom Penh : _bSipar, _c2021. |
||
| 300 |
_a28 pages : _billustrations ; _c27 cm |
||
| 490 |
_aម៉ុនតេសូរី _v១ |
||
| 490 | _aMontessori | ||
| 505 | _aD | ||
| 520 | _aគឺជាសៀវភៅដំបូងគេសម្រាប់រៀនពីរបៀបសរសេរអក្សរ និងលេខ ដែលជួយកុមារកំណត់អត្តសញ្ញាណ រាប់ និងលេងហ្គេមផ្សេងៗតាមរយៈការលាបពណ៌។ ជាងនេះទៅទៀត វាជាឧបករណ៍សិក្សាសម្រាប់ឪពុកម្តាយ និងលោកគ្រូអ្នកគ្រូ ដើម្បីអនុវត្តរួមគ្នា និងមើលឃើញពីការរីកចម្រើនរបស់កុមារ។ | ||
| 520 | _aIs the first books for learning how to write letters and numbers that help children identify, count, and play different games through coloring. Moreover, it’s a study tool for parents and teachers to practice together and see the progress of the child. | ||
| 521 | 8 |
_a160
_bLexile estimate AD |
|
| 521 | 8 |
_aD
_bRaz-Plus |
|
| 650 |
_a ម៉ុនតេសូរី _vល្បែងកំសាន្ត _xរៀន |
||
| 650 |
_aMontessori _vGame _xLearning |
||
| 700 |
_aSodany, Ouch _eAutor |
||
| 700 |
_aVisoth, Seng _eillustrator |
||
| 942 |
_2ddc _cKHB _n0 |
||
| 999 |
_c1704 _d1704 |
||